000 01280nam a2200325 i 4500
003 EG-GICUC
005 20260121101207.0
008 251111s1977 ua ||||f |||| 00| 0 ara d
017 _a1977/3915
020 _a9777191
040 _a EG-GICUC
_bara
_c EG-GICUC
_d EG-GICUC
_erda
041 _aara
082 0 4 _221
_a345.25
_bم ن . م
092 0 4 _221
099 _aLaw1 07 345.25م ن . م 1977
110 _aمنظمة العربية للعلوم الإدارية
_eمؤلف.
245 _aموسوعة الحكم المحلي :
_bالأساسيات النظرية للحكم المحلية،
_nالجزء الاول /
_cمنظمة العربية للعلوم الإدارية .
264 _aالقاهرة :
_bمطبعة نهضة مصر ,
_c1977.
300 _a838 صفحة ؛
_c24 سم
336 _2rda content
_atext
337 _2rda media
_aComputer
338 _2rda carrier
_aOnline Resource
504 _a. 55-54 ببليوجرافيا: صفحات.
546 _aالنص أغلبه باللغة العربية بعض النصوص الإنجليزية والفرنسية
650 1 _aالقانون الإداري
_2qrmak
651 1 _2qrmak
856 4 0 _uhttps://fll.law.cu.edu.eg/fulltext/bks/B07-00354.pdf
905 _a74
942 _2ddc
_n0
_cBK
_e21
999 _c42408
_d42408